000 01631cam a22002657a 4500
008 091022t2001 xxu||||| |||| 00| 0 eng d
020 _a9780273638865
020 _a0273638866
082 _222
_a658.406
_bHAM
100 1 _aHamlin, Bob
_919838
245 _aOrganizational Change and Development :
_bA Reflective Guide for Managers, Trainers and Developers /
_c Bob Hamlin, Jane Keep, Ken Ash.
260 _aHarlow ;
_aEngland :
_bFinancial Times/Prentice Hall,
_cc2001.
300 _axvii, 317 p. :
_bill. ;
_c25 cm.
504 _aIncludes bibliographical references and index.
650 _910266
_aManagement.
650 _919136
_aOrganizational change.
700 1 _aKeep, Jane
_919839
700 1 _aAsh, Ken
_919840
942 _2ddc
_cBB
999 _c12834
_d12834